|
|
|
|
| LEADER |
00000nab a2200000 a 4500 |
| 001 |
vtls010305373 |
| 003 |
SK-MaSNL |
| 005 |
20260303185043.0 |
| 008 |
110823c1999 xo r m 000 00slo |
| 015 |
|
|
|a SNBRA2011/08SVKPO
|
| 038 |
|
|
|a SVKPO
|
| 040 |
|
|
|a SVKPOCL
|b slo
|c SVKPOCL
|e AACR2
|
| 041 |
0 |
|
|a slo
|
| 044 |
|
|
|a xo
|c SK
|
| 080 |
|
|
|a 82.02:061.3
|2 2001
|
| 080 |
|
|
|a 821.16"18/19":061.3
|2 2001
|
| 100 |
1 |
|
|a Červeňák, Andrej,
|d 1932-2012
|4 aut
|9 153402
|
| 245 |
1 |
0 |
|a Od koreňov ku korune...
|b [záverečné slovo na konferencii o slovanskom romantizme]
|c Andrej Červeňák
|
| 650 |
0 |
7 |
|a slovanský romantizmus
|x konferencie
|2 svkpocl
|9 1215844
|
| 773 |
0 |
|
|t Slovanský romantizmus : zborník príspevkov z medzinárodnej konferencie
|d Banská Bystrica : Univerzita Mateja Bela, 1999
|g S. 246-249
|z 8080552266
|
| 852 |
|
|
|a SVKPO
|b KIS3GCP
|
| 958 |
|
|
|a SK
|
| 958 |
|
|
|a NB
|
| 958 |
|
|
|a LX
|
| 958 |
|
|
|a SS
|
| 999 |
|
|
|c 2129508
|d 2131438
|